Statistiques concernant Quiz d'actualité Avril

Cliquez ici pour prendre le quiz!

Statistiques générales

  • Ce quiz a été pris 35 fois
  • Le résultat moyen est 5 sur 14

Statistiques - réponses

QuestionsRéponses% Correct
Les 4 Clubs en demi-finale de Ligue des ChampionsParis-Saint-Germain
100%
Real Madrid
88%
Bayern Munich
78%
BVB Dortmund
78%
Prix de ce billet ?5 €
47%
Ville qui à mis en place un système de billets pour la visiterVenise
47%
Pays ayant interdit la vente de cigarette aux personnes nées après 2009?Royaume-Uni
28%
Montant de l'aide américaine à l'Ukraine ?61 Milliards
13%
Nom de l'agence de l'ONU accusé par Israel d'hebergé des terroristes?Unrwa
9%
Magnitude du tremblement de terre à Taiwan le 23/04/24?6,3
6%
Qui est le chef de la diplomatie européenne ?Josep Borell
6%
La concorde
6%
Sites des jeux olympiques mis en arrêts par l'inspection du travail?Versailles
6%
Nom du rappeur condamné à mort en Iran pour avoir apporté son soutien
au mouvement de contestation déclenché après la mort de Mahsa Amini ?
Toomaj Salehi
3%

Distribution des résultats

Percentile par nombre de réponses

% des personnes avec chaque résultat

Votre développement - résultats

Vous n’avez pas pris ce quiz